000 009770000a22002170004500
003 LK-CoMWRAF
008 230817t1991 ||||| |||| 00| 0 eng d
040 _aLK-CoMWRAF
_dLK-CoMWRAF
_eLK-CoMWRAF
041 _aeng
082 _a363.96
_bFEM
111 _aFeminist International Network of Resistance to Reproductive and Genetic Engineering -Unnayan Bikalper Niti Nirdharoni Gobeshona international conference
_c( Comilla, BARD
_dMarch 1989)
245 _aDeclaration of Comilla:
_bFINRRAGE-UBINIG international conference
260 _aDhaka:
_bUBING,
_c1991
300 _a xxvi, 168 p. : ill. ; 29 cm
520 _aOn population control, reproductive technologies, and genetic engineering affecting women in developed and developing countries
650 _aGenetic engineering- Congresses
650 _a Birth control
650 _aHuman reproductive technology
856 _uhttps://www.finrrage.org/wp-content/uploads/2016/03/Comilla_Proceedings_1989.pdf
942 _cCP
999 _c2270
_d2270